书目信息 |
| 题名: |
岩石物性概论
|
|
| 作者: | 杨正华 编著 | |
| 分册: | ||
| 出版信息: | 西安 西安交通大学出版社 2021.4 |
|
| 页数: | 223页 | |
| 开本: | 26cm | |
| 丛书名: | ||
| 单 册: | ||
| 中图分类: | P584 | |
| 科图分类: | ||
| 主题词: | 岩石物理性质--高等教育--教材 | |
| 电子资源: | ||
| ISBN: | 978-7-5693-1524-0 | |
| 000 | 00975nam0 2200241 45 | |
| 001 | 012001002387 | |
| 005 | 20140914091950.0 | |
| 010 | @a978-7-5693-1524-0@dCNY48.00 | |
| 100 | @a20210610d2021 em y0chiy50 ea | |
| 101 | 0 | @achi |
| 102 | @aCN@b610000 | |
| 105 | @aa z 000yy | |
| 106 | @ar | |
| 200 | 1 | @a岩石物性概论@Ayan shi wu xing gai lun@f杨正华编著 |
| 210 | @a西安@c西安交通大学出版社@d2021.4 | |
| 215 | @a223页@c图@d26cm | |
| 300 | @a普通高等教育“十四五”系列教材·资源与环境大类 | |
| 330 | @a本书以矿物岩石学的最主要内容为岩石物性概论基础,简明地阐述了岩石十一方面的基本物性(包括密度、孔隙度、渗透率、强度、弹性、波速与衰减、电性、磁性、热学性质和放射性)的概念、室内和野外测试计算方法、主要影响因素、常见岩石物性参数特征以及各种物性在地质学和地球物理学方面的研究应用等。 | |
| 606 | 0 | @a岩石物理性质@x高等教育@j教材 |
| 690 | @aP584@v5 | |
| 701 | 0 | @a杨正华@Ayang zheng hua@f(1975-)@4编著 |
| 801 | 0 | @aCN@bBJSDL@c20211011 |
| 905 | @b1339530-3@dP584@e176@f4 | |
| 岩石物性概论/杨正华编著.-西安:西安交通大学出版社,2021.4 |
| 223页:图;26cm |
| 普通高等教育“十四五”系列教材·资源与环境大类 |
| ISBN 978-7-5693-1524-0:CNY48.00 |
| 本书以矿物岩石学的最主要内容为岩石物性概论基础,简明地阐述了岩石十一方面的基本物性(包括密度、孔隙度、渗透率、强度、弹性、波速与衰减、电性、磁性、热学性质和放射性)的概念、室内和野外测试计算方法、主要影响因素、常见岩石物性参数特征以及各种物性在地质学和地球物理学方面的研究应用等。 |
| ● |
| 相关链接 |
|
|
|
|
正题名:岩石物性概论
索取号:P584/176
 
预约/预借
| 序号 | 登录号 | 条形码 | 馆藏地/架位号 | 状态 | 备注 |
| 1 | 1339530 | 213395306 | 第二样本阅览室/ [索取号:P584/176] | 在馆 | |
| 2 | 1339531 | 213395315 | 第三借阅区/ [索取号:P584/176] | 在馆 | |
| 3 | 1339532 | 213395324 | 第三借阅区/ [索取号:P584/176] | 在馆 | |
| 4 | 1339533 | 213395333 | 第三借阅区/ [索取号:P584/176] | 在馆 |